साहित्य का भाषिक चिन्तन / (Record no. 120311)
[ view plain ]
| 000 -LEADER | |
|---|---|
| fixed length control field | 01695nam a22003137a 4500 |
| 003 - CONTROL NUMBER IDENTIFIER | |
| control field | dpl |
| 005 - DATE AND TIME OF LATEST TRANSACTION | |
| control field | 20190205114211.0 |
| 008 - FIXED-LENGTH DATA ELEMENTS--GENERAL INFORMATION | |
| fixed length control field | 190205b ||||| |||| 00| 0 eng d |
| 010 ## - LIBRARY OF CONGRESS CONTROL NUMBER | |
| LC control number | B-117148 |
| 020 ## - INTERNATIONAL STANDARD BOOK NUMBER | |
| Terms of availability | 400.00 |
| International Standard Book Number | 8171198872 |
| 035 ## - SYSTEM CONTROL NUMBER | |
| System control number | B-117148, B-117156 |
| 037 ## - SOURCE OF ACQUISITION | |
| Source of stock number/acquisition | Cen Lib/Ret |
| 040 ## - CATALOGING SOURCE | |
| Original cataloging agency | DPL |
| Language of cataloging | HN |
| Transcribing agency | 0 |
| 082 ## - DEWEY DECIMAL CLASSIFICATION NUMBER | |
| Classification number | 820.8 |
| Item number | श्रीवास्त |
| 100 ## - MAIN ENTRY--PERSONAL NAME | |
| Personal name | श्रीवास्तव, रवीन्द्रनाथ |
| 9 (RLIN) | 42919 |
| 245 ## - TITLE STATEMENT | |
| Title | साहित्य का भाषिक चिन्तन / |
| Statement of responsibility, etc | रवीन्द्रनाथ श्रीवास्तव ; सम्पादक बीना श्रीवास्तव, नामवर सिंह [और] दिलीप सिंह |
| 246 ## - VARYING FORM OF TITLE | |
| Title proper/short title | Sahitye ka bhashik chintan / |
| Remainder of title | by Ravindranath Shrivastava ; sampadak Bina Shrivastava;Namvar Singh [aur] Dilip Singh |
| 260 ## - PUBLICATION, DISTRIBUTION, ETC. (IMPRINT) | |
| Place of publication, distribution, etc | दिल्ली |
| Name of publisher, distributor, etc | राधाकृष्ण प्रकाशन |
| Date of publication, distribution, etc | 2004 |
| 270 ## - ADDRESS | |
| Address | जी-17, जगतपुरी |
| City | दिल्ली |
| Postal code | 110051 |
| 300 ## - PHYSICAL DESCRIPTION | |
| Extent | xxii,326पृ. |
| Dimensions | 21सेमी(सजिल्द) |
| 650 ## - SUBJECT ADDED ENTRY--TOPICAL TERM | |
| Topical term or geographic name as entry element | मार्क्सवादी साहित्य-समीक्षा |
| 9 (RLIN) | 89639 |
| 650 ## - SUBJECT ADDED ENTRY--TOPICAL TERM | |
| Topical term or geographic name as entry element | तुलसी -- साहित्य के अंतर्विरोधी स्वर |
| 9 (RLIN) | 89640 |
| 650 ## - SUBJECT ADDED ENTRY--TOPICAL TERM | |
| Topical term or geographic name as entry element | Marxist literature-review |
| 9 (RLIN) | 89641 |
| 650 ## - SUBJECT ADDED ENTRY--TOPICAL TERM | |
| Topical term or geographic name as entry element | Tulsi - conflicting tone of literature |
| 9 (RLIN) | 89642 |
| 700 ## - ADDED ENTRY--PERSONAL NAME | |
| Personal name | श्रीवास्तव, बीना |
| 9 (RLIN) | 44829 |
| 700 ## - ADDED ENTRY--PERSONAL NAME | |
| Personal name | नामवर सिंह |
| 9 (RLIN) | 89643 |
| 700 ## - ADDED ENTRY--PERSONAL NAME | |
| Personal name | दिलीप सिंह |
| 9 (RLIN) | 89644 |
| 942 ## - ADDED ENTRY ELEMENTS (KOHA) | |
| Source of classification or shelving scheme | Dewey Decimal Classification |
| Koha item type | Hindi Books |
| Classification part | 820.8 |
| Call number suffix | श्रीवास्त |
| Withdrawn status | Lost status | Damaged status | Not for loan | Home library | Current library | Date acquired | Source of acquisition | Cost, normal purchase price | Total Checkouts | Total Renewals | Full call number | Barcode | Date last seen | Date checked out | Copy number | Cost, replacement price | Price effective from | Koha item type | Source of classification or shelving scheme | Collection code |
|---|---|---|---|---|---|---|---|---|---|---|---|---|---|---|---|---|---|---|---|---|
| Central Library | Central Library | 22/09/2015 | Cen Lib/Ret | 400.00 | 1 | 1 | 820.8 श्रीवास्त | B-117148 | 12/08/2021 | 26/07/2021 | 1 | 400.00 | 22/09/2015 | Hindi Books | ||||||
| Sarojini Nagar | Sarojini Nagar | 21/10/2021 | 400.00 | 820.8 श्रीवास्त | B-117152 | 21/10/2021 | 21/10/2021 | Hindi Books | Dewey Decimal Classification | Non-fiction | ||||||||||
| Shahdara Branch | Shahdara Branch | 05/02/2019 | BPPD/PUB | 400.00 | 820.8 श्रीवास्त | B-117156 | 05/02/2019 | 400.00 | 05/02/2019 | Hindi Books | Dewey Decimal Classification | Non-fiction |
